[Event "Bundesliga 2022-23"]
[Site "Remagen GER"]
[Date "2023.04.02"]
[Round "13.3"]
[Board "6"]
[White "Lampert, Jonas"]
[Black "Cyborowski, Lukasz"]
[Result "1/2-1/2"]
[WhiteTitle "GM"]
[BlackTitle "GM"]
[WhiteElo "2537"]
[BlackElo "2490"]
[WhiteTeam "Hamburger SK"]
[BlackTeam "SC Remagen Sinzig"]
[WhiteFideId "1303759"]
[BlackFideId "1108760"]
[EventDate "2022.10.22"]

1. d4 d5 2. c4 e6 3. Nf3 Nf6 4. g3 Bb4+ 5. Bd2 Be7 6. Bg2 O-O 7. O-O c6 8. Qc2
Nbd7 9. Bf4 a5 10. Rd1 h6 11. Ne5 Nh5 12. Bc1 Nhf6 13. Bf4 Nh5 14. Bc1 Nhf6 15.
Nxd7 Bxd7 16. Nd2 c5 17. cxd5 exd5 18. dxc5 Rc8 19. Qd3 Qe8 20. Nb3 a4 21. Nd4
Bxc5 22. Bf4 Qe7 23. Rac1 Rfe8 24. Bf3 Ne4 25. Be3 Nf6 26. Nf5 Bxf5 27. Qxf5 Rc6
28. Bxc5 Rxc5 29. e3 Rxc1 30. Rxc1 Qb4 31. Qc2 a3 32. bxa3 Qxa3 33. Rd1 Qa5 34.
Qb3 Ra8 35. Bxd5 Nxd5 36. Rxd5 Qxa2 37. Qxb7 g6 38. Kg2 Re8 39. Re5 Rxe5 40.
Qb8+ Kh7 41. Qxe5 Qc4 42. e4 Kg8 43. Qf4 Kg7 44. h4 h5 45. Qe5+ Kg8 46. Qf4 Kg7
47. Qf3 Qd4 48. Kh3 Qd7+ 49. g4 hxg4+ 50. Qxg4 Qd4 51. Kg3 Qc3+ 52. Qf3 Qa1 53.
Kg2 Qe5 54. Qe3 Kg8 55. f4 Qb2+ 56. Kh3 Qb1 57. Qf3 Kg7 58. f5 gxf5 59. Qxf5 f6
60. Qg4+ Kh6 61. Qf4+ Kg7 62. Qg4+ Kh6 63. Qf3 Kg7 64. h5 Kh6 65. Qxf6+ Kxh5 66.
Qf7+ Kh6 67. Qf6+ Kh5 68. Qf5+ Kh6 69. Kg4 Qg1+ 70. Kf4 Qh2+ 71. Ke3 Kg7 72. Kd4
Qb2+ 73. Kd5 Qb5+ 74. Ke6 Qb6+ 75. Kd7 Qb7+ 76. Kd8 Qb8+ 77. Ke7 Qb4+ 78. Kd7
Qb7+ 79. Kd6 Qb6+ 80. Ke7 Qb4+ 81. Kd8 Qb8+ 82. Qc8 Qxc8+ 83. Kxc8 Kf6 84. Kd7
Ke5 85. Ke7 Kxe4 1/2-1/2

[Event "Bundesliga 2022-23"]
[Site "Remagen GER"]
[Date "2023.04.02"]
[Round "13.3"]
[Board "7"]
[White "Jaracz, Pawel"]
[Black "Heinemann, Thies"]
[Result "1/2-1/2"]
[WhiteTitle "GM"]
[BlackTitle "GM"]
[WhiteElo "2463"]
[BlackElo "2484"]
[WhiteTeam "SC Remagen Sinzig"]
[BlackTeam "Hamburger SK"]
[WhiteFideId "1102222"]
[BlackFideId "4601556"]
[EventDate "2022.10.22"]

1. d4 Nf6 2. c4 e6 3. Nf3 b6 4. g3 Ba6 5. b3 b5 6. Qc2 c5 7. cxb5 Bxb5 8. dxc5
Bc6 9. Be3 a5 10. Bg2 Na6 11. Nbd2 Rc8 12. Nc4 Nxc5 13. O-O Be7 14. Qd2 a4 15.
Nd6+ Bxd6 16. Qxd6 Nce4 17. Qd3 axb3 18. axb3 O-O 19. Ne5 Bd5 20. Rfc1 Rxc1+ 1/2-1/2

[Event "Bundesliga 2022-23"]
[Site "Remagen GER"]
[Date "2023.04.02"]
[Round "13.3"]
[Board "8"]
[White "Sebastian, Dirk"]
[Black "Dgebuadze, Alexandre"]
[Result "1/2-1/2"]
[WhiteTitle "IM"]
[BlackTitle "GM"]
[WhiteElo "2435"]
[BlackElo "2430"]
[WhiteTeam "Hamburger SK"]
[BlackTeam "SC Remagen Sinzig"]
[WhiteFideId "4637607"]
[BlackFideId "203882"]
[EventDate "2022.10.22"]

1. e4 c5 2. Nc3 Nc6 3. Nge2 d6 4. d4 cxd4 5. Nxd4 Nf6 6. Bg5 Bd7 7. Bb5 e6 8.
Qd3 Qa5 9. Bxf6 gxf6 10. O-O-O a6 11. Bxc6 bxc6 12. f4 Rb8 13. Nb3 Qb6 14. e5
fxe5 15. Ne4 d5 16. Nf6+ Kd8 17. fxe5 a5 18. a4 Rb7 19. Rhf1 Be7 20. Qc3 c5 1/2-1/2

[Event "Bundesliga 2022-23"]
[Site "Remagen GER"]
[Date "2023.04.02"]
[Round "13.4"]
[Board "1"]
[White "Kryvoruchko, Yuriy"]
[Black "Cheparinov, Ivan"]
[Result "1/2-1/2"]
[WhiteTitle "GM"]
[BlackTitle "GM"]
[WhiteElo "2658"]
[BlackElo "2689"]
[WhiteTeam "SC Viernheim"]
[BlackTeam "SK Doppelbauer Turm Kiel"]
[WhiteFideId "14109182"]
[BlackFideId "2905540"]
[EventDate "2022.10.22"]

1. e4 e5 2. Nf3 Nc6 3. Bb5 a6 4. Ba4 Nf6 5. O-O Be7 6. Bxc6 dxc6 7. d3 Nd7 8.
Nc3 f6 9. Nh4 g6 10. f4 exf4 11. Bxf4 Ne5 12. Qe1 Be6 13. Bxe5 fxe5 14. Nf3 Bf6
15. Qg3 Qe7 16. Kh1 Bd7 17. Rab1 a5 18. Nd1 O-O 19. Ne3 Rae8 20. a4 Bg7 21. Nc4
b6 22. Nfd2 Qb4 23. Rxf8+ Rxf8 24. Ra1 Be6 25. Qe1 Qc5 26. Qg1 Qb4 27. Qe1 Qc5
28. Qg1 Qb4 1/2-1/2

[Event "Bundesliga 2022-23"]
[Site "Remagen GER"]
[Date "2023.04.02"]
[Round "13.4"]
[Board "2"]
[White "Lupulescu, Constantin"]
[Black "Meier, Georg"]
[Result "0-1"]
[WhiteTitle "GM"]
[BlackTitle "GM"]
[WhiteElo "2603"]
[BlackElo "2613"]
[WhiteTeam "SK Doppelbauer Turm Kiel"]
[BlackTeam "SC Viernheim"]
[WhiteFideId "1207822"]
[BlackFideId "4675789"]
[EventDate "2022.10.22"]

1. c4 b6 2. Nc3 Bb7 3. e4 e5 4. Nf3 Nc6 5. a3 g6 6. d4 exd4 7. Nxd4 Bg7 8. Nxc6
dxc6 9. Qxd8+ Rxd8 10. Bf4 c5 11. f3 Ne7 12. Bxc7 Rd7 13. Bf4 f5 14. e5 Nc6 15.
e6 Re7 16. O-O-O Bxc3 17. bxc3 Rxe6 18. Bd3 Na5 19. Rhe1 Rxe1 20. Rxe1+ Kf7 21.
g4 Bc8 22. gxf5 Bxf5 23. Bxf5 gxf5 24. Rd1 Re8 25. Rd5 Nxc4 26. Rxf5+ Ke6 27.
Rh5 Rf8 28. Rh4 b5 29. a4 a6 30. axb5 axb5 31. Kc2 Rf5 32. Bc1 h5 33. f4 Rd5 34.
Rh3 Nd6 35. Rg3 Kf5 36. Rg7 Ne4 37. Be3 c4 38. Re7 h4 39. h3 Ng3 40. Bd2 Nf1 41.
Bc1 Rd3 42. Re5+ Kf6 43. Rxb5 Rxh3 44. Rb6+ Kf7 45. Rb7+ Ke6 46. Rb6+ Kd5 47.
Rb5+ Kc6 48. Rh5 Ng3 49. Rh8 Rh2+ 50. Kd1 Rh1+ 51. Kc2 h3 52. f5 Nxf5 53. Kb2
Rh2+ 54. Ka3 Rc2 55. Bf4 Rxc3+ 56. Kb4 Rf3 57. Rc8+ Kd5 58. Rc5+ Ke6 59. Rc6+
Kf7 60. Bh2 Rf2 61. Be5 Ne3 62. Kc3 Rf5 63. Bh2 Rd5 64. Bf4 Rd3+ 65. Kb2 c3+ 66.
Ka3 Nc2+ 67. Kb3 Nd4+ 68. Kc4 Nxc6 69. Kxd3 Nd4 70. Ke3 c2 71. Kf2 Ne2 72. Bd2
Ke6 0-1

[Event "Bundesliga 2022-23"]
[Site "Remagen GER"]
[Date "2023.04.02"]
[Round "13.4"]
[Board "3"]
[White "Fedorchuk, Sergey A."]
[Black "Gavrilescu, David"]
[Result "1/2-1/2"]
[WhiteTitle "GM"]
[BlackTitle "IM"]
[WhiteElo "2619"]
[BlackElo "2523"]
[WhiteTeam "SC Viernheim"]
[BlackTeam "SK Doppelbauer Turm Kiel"]
[WhiteFideId "14102536"]
[BlackFideId "1227190"]
[EventDate "2022.10.22"]

1. e4 e6 2. d4 d5 3. e5 c5 4. c3 Nc6 5. Nf3 Bd7 6. Be2 Nge7 7. O-O Nf5 8. dxc5
a5 9. Bd3 Bxc5 10. Nbd2 a4 11. Re1 h6 12. Nf1 Nh4 13. Nxh4 Qxh4 14. Be3 Qe7 15.
Bc2 a3 16. b4 Bxe3 17. Nxe3 Nxe5 18. f4 Nc6 19. Nxd5 Qd8 20. f5 Ne7 21. Nxe7
Qxe7 22. fxe6 Bxe6 23. Ba4+ Kf8 24. Bb3 Bxb3 25. Qxb3 Qc7 26. Re3 g6 27. c4 Kg7
28. Qc3+ Kh7 29. Rae1 Rhd8 30. Re7 Rd7 31. Qf6 Rf8 32. c5 Qd8 33. h3 Kg8 34. Kh2
Rxe7 35. Rxe7 Qd5 36. Qf3 Qxa2 37. Re3 Qb2 38. Rxa3 Qxb4 39. Qe3 Rc8 40. Rb3
Qxc5 41. Qxc5 Rxc5 42. Rxb7 Rc4 43. g4 Kg7 44. Rb5 Kf6 45. Kg3 Rc3+ 46. Kg2 Ke6
47. Ra5 Rd3 48. Rb5 Ra3 49. Rc5 Kd6 50. Rb5 Ke6 51. Rc5 Re3 52. Ra5 Kf6 53. Rb5
Rc3 54. Ra5 Ke6 55. Rb5 Kd6 56. Ra5 f6 57. Rb5 Ra3 58. Kh2 Rc3 59. Kg2 Rc5 60.
Rb3 Kd5 61. Re3 Rc4 62. Re8 h5 63. gxh5 gxh5 64. Kg3 h4+ 65. Kf3 f5 66. Rd8+ Ke5
67. Re8+ Kf6 68. Rf8+ Ke6 69. Re8+ Kf7 70. Rh8 Ra4 71. Rh6 Kg7 72. Rb6 Rc4 73.
Ra6 Rc3+ 74. Kf4 Rxh3 75. Kxf5 Rg3 76. Kf4 Rg2 77. Ra7+ Kg6 78. Ra6+ Kh5 79.
Ra5+ Kh6 80. Ra6+ Rg6 81. Rxg6+ Kxg6 82. Kg4 h3 83. Kxh3 1/2-1/2

[Event "Bundesliga 2022-23"]
[Site "Remagen GER"]
[Date "2023.04.02"]
[Round "13.4"]
[Board "4"]
[White "Meshkovs, Nikita"]
[Black "Braun, Arik"]
[Result "1/2-1/2"]
[WhiteTitle "GM"]
[BlackTitle "GM"]
[WhiteElo "2566"]
[BlackElo "2597"]
[WhiteTeam "SK Doppelbauer Turm Kiel"]
[BlackTeam "SC Viernheim"]
[WhiteFideId "11602740"]
[BlackFideId "4663527"]
[EventDate "2022.10.22"]

1. d4 Nf6 2. Bg5 d5 3. Bxf6 gxf6 4. e3 c5 5. dxc5 e6 6. c4 dxc4 7. Nd2 c3 8.
bxc3 Bxc5 9. Qh5 f5 10. Ngf3 Nd7 11. Bb5 Qf6 12. Nd4 a6 13. Be2 Qg6 14. Qh3 Nf6
15. Nc4 Nd5 16. Bf3 f4 17. O-O O-O 18. Ne5 Qg7 19. Bxd5 Qxe5 20. Bb3 Qg7 21.
exf4 e5 22. Nf5 exf4 23. Rad1 Bxf5 24. Qxf5 b6 25. Qxf4 Rad8 26. Qf3 Qg6 27. Bd5
Rfe8 28. Rd3 Rd6 29. Qd1 Re5 30. c4 Rf6 31. Rg3 Rg5 32. Be4 Qh6 33. Rxg5+ Qxg5
34. g3 Qe5 35. Qg4+ Kf8 36. Kg2 Qb2 37. Qc8+ Kg7 38. Qg4+ Kf8 39. Qc8+ Kg7 40.
Qg4+ 1/2-1/2

[Event "Bundesliga 2022-23"]
[Site "Remagen GER"]
[Date "2023.04.02"]
[Round "13.4"]
[Board "5"]
[White "Wagner, Dennis"]
[Black "Gumularz, Szymon"]
[Result "1/2-1/2"]
[WhiteTitle "GM"]
[BlackTitle "GM"]
[WhiteElo "2570"]
[BlackElo "2546"]
[WhiteTeam "SC Viernheim"]
[BlackTeam "SK Doppelbauer Turm Kiel"]
[WhiteFideId "24650684"]
[BlackFideId "1188062"]
[EventDate "2022.10.22"]

1. d4 Nf6 2. c4 e6 3. Nf3 d5 4. Nc3 Nbd7 5. cxd5 exd5 6. Bg5 c6 7. Qc2 Bd6 8. e3
Nf8 9. Bd3 Ng6 10. O-O-O Bg4 11. h3 Bxf3 12. gxf3 h6 13. Bxf6 Qxf6 14. f4 Ne7
15. h4 O-O-O 16. Rdg1 Kb8 17. Kb1 c5 18. dxc5 Bxc5 19. Qb3 a6 20. Ka1 Ba7 21.
Be2 g6 22. Bf3 Qb6 23. Qa3 Qc5 24. Qb3 Qb6 25. Qa3 Qc5 1/2-1/2

[Event "Bundesliga 2022-23"]
[Site "Remagen GER"]
[Date "2023.04.02"]
[Round "13.4"]
[Board "6"]
[White "Parvanyan, Ashot"]
[Black "Buhmann, Rainer"]
[Result "0-1"]
[WhiteTitle "IM"]
[BlackTitle "GM"]
[WhiteElo "2439"]
[BlackElo "2561"]
[WhiteTeam "SK Doppelbauer Turm Kiel"]
[BlackTeam "SC Viernheim"]
[WhiteFideId "13307550"]
[BlackFideId "4651340"]
[EventDate "2022.10.22"]

1. Nf3 d5 2. g3 Nf6 3. Bg2 e6 4. O-O Be7 5. c4 O-O 6. d4 a5 7. Nc3 c6 8. b3 b6
9. Ne5 Ba6 10. e4 Bb4 11. Bb2 Bxc3 12. Bxc3 Nxe4 13. Bxe4 dxe4 14. Qg4 f5 15.
Qf4 Bb7 16. f3 exf3 17. Nxf3 Nd7 18. Rae1 Re8 19. g4 Nf6 20. gxf5 exf5 21. Qxf5
Bc8 22. Qg5 Bh3 23. Rf2 Re4 24. Qc1 Rg4+ 25. Kh1 Ne4 26. Rxe4 Rxe4 27. Ng5 Rh4
28. Rf7 Rh5 29. Rxg7+ Kxg7 30. d5+ Kg8 31. Nxh3 Qe8 32. Qf4 cxd5 33. Ng5 Qg6 0-1

[Event "Bundesliga 2022-23"]
[Site "Remagen GER"]
[Date "2023.04.02"]
[Round "13.4"]
[Board "7"]
[White "Zaragatski, Ilja"]
[Black "Fromm, Marius"]
[Result "1/2-1/2"]
[WhiteTitle "GM"]
[BlackTitle "FM"]
[WhiteElo "2505"]
[BlackElo "2425"]
[WhiteTeam "SC Viernheim"]
[BlackTeam "SK Doppelbauer Turm Kiel"]
[WhiteFideId "4655192"]
[BlackFideId "12993190"]
[EventDate "2022.10.22"]

1. d4 Nf6 2. Nf3 e6 3. c4 d5 4. e3 Be7 5. b3 O-O 6. Bd3 c5 7. Bb2 cxd4 8. exd4
b6 9. Nbd2 Bb7 10. Qe2 Nbd7 11. O-O Qc7 12. Rac1 Qf4 13. Ne5 Nxe5 14. dxe5 Ne4
15. Nxe4 dxe4 16. Bb1 Rfd8 17. Bc3 a5 18. Qe3 Qxe3 19. fxe3 Bc5 20. Kf2 Rd7 21.
Rfd1 Rad8 22. Bc2 Kf8 23. Rxd7 Rxd7 24. Rd1 Rxd1 1/2-1/2

[Event "Bundesliga 2022-23"]
[Site "Remagen GER"]
[Date "2023.04.02"]
[Round "13.4"]
[Board "8"]
[White "Arndt, Magnus"]
[Black "Abergel, Thal"]
[Result "1-0"]
[WhiteTitle "FM"]
[BlackTitle "GM"]
[WhiteElo "2384"]
[BlackElo "2401"]
[WhiteTeam "SK Doppelbauer Turm Kiel"]
[BlackTeam "SC Viernheim"]
[WhiteFideId "12998656"]
[BlackFideId "614890"]
[EventDate "2022.10.22"]

1. d4 Nf6 2. Nf3 e6 3. c4 Bb4+ 4. Nbd2 d5 5. g3 dxc4 6. Bg2 Nc6 7. Qc2 O-O 8.
Qxc4 Qd5 9. O-O Rd8 10. e3 Qh5 11. h3 Bd6 12. e4 e5 13. g4 Nxg4 14. hxg4 Bxg4
15. d5 Ne7 16. Qb3 f5 17. Nh2 Ng6 18. exf5 e4 19. Nxg4 Nf4 20. Qd1 Qxf5 21. Nxe4
Nxg2 22. Ng3 Bxg3 23. fxg3 Qe4 24. Nf2 Qc4 25. Kxg2 Rxd5 26. Qb3 Qc6 27. Rd1 Rd8
28. Rxd5 Rxd5 29. Bf4 Kh8 30. Qf3 1-0

[Event "Bundesliga 2022-23"]
[Site "Munich GER"]
[Date "2023.04.02"]
[Round "13.5"]
[Board "1"]
[White "Maghsoodloo, Parham"]
[Black "Beerdsen, Thomas"]
[Result "1-0"]
[WhiteTitle "GM"]
[BlackTitle "IM"]
[WhiteElo "2721"]
[BlackElo "2521"]
[WhiteTeam "FC Bayern Muenchen"]
[BlackTeam "SV Muelheim Nord"]
[WhiteFideId "12539929"]
[BlackFideId "1030108"]
[EventDate "2022.10.22"]

1. d4 d5 2. c4 c6 3. Nf3 Nf6 4. Nc3 e6 5. e3 Nbd7 6. Bd3 dxc4 7. Bxc4 a6 8. e4
b5 9. Bd3 c5 10. d5 Bb7 11. O-O Qc7 12. Qe2 c4 13. Bc2 Bd6 14. Re1 Ne5 15. Nxe5
Bxe5 16. f4 Bxf4 17. e5 Bxc1 18. exf6 Bh6 19. dxe6 O-O-O 20. e7 Rde8 21. Be4
gxf6 22. Bxb7+ Qxb7 23. Rad1 Rhg8 24. Nd5 f5 25. Qh5 Bg5 26. Qxh7 Qa7+ 27. Kf1
Qc5 28. h4 1-0

[Event "Bundesliga 2022-23"]
[Site "Munich GER"]
[Date "2023.04.02"]
[Round "13.5"]
[Board "2"]
[White "Zelbel, Patrick"]
[Black "Santos Latasa, Jaime"]
[Result "0-1"]
[WhiteTitle "IM"]
[BlackTitle "GM"]
[WhiteElo "2456"]
[BlackElo "2677"]
[WhiteTeam "SV Muelheim Nord"]
[BlackTeam "FC Bayern Muenchen"]
[WhiteFideId "24624322"]
[BlackFideId "2293307"]
[EventDate "2022.10.22"]

1. e4 e6 2. d4 d5 3. Nd2 c5 4. exd5 Qxd5 5. Ngf3 cxd4 6. Bc4 Qd6 7. O-O Nf6 8.
Nb3 Nc6 9. Nbxd4 Nxd4 10. Qxd4 Qxd4 11. Nxd4 Bd7 12. Bf4 Bc5 13. Rad1 Rc8 14. c3
O-O 15. Be2 Ba4 16. Nb3 Bb6 17. Be5 Bc6 18. c4 Ba4 19. Rc1 Bc7 20. Nc5 Bxe5 21.
Nxa4 Bd4 22. Nc3 a5 23. b3 Rfd8 24. Bf3 b6 25. Nb5 Bc5 26. Rfd1 g5 27. Na7 Rxd1+
28. Rxd1 Re8 29. h3 h5 30. Bc6 Rf8 31. Nb5 Kh7 32. Kf1 g4 33. Rd3 Rc8 34. Bb7
Rg8 35. Bc6 Kh6 36. Nd6 Kg6 37. Nb5 Rc8 38. Bb7 Rb8 39. Bc6 Ng8 40. hxg4 hxg4
41. g3 Ne7 42. Bg2 Kf6 43. Nd6 Ng6 44. f4 Ke7 45. Ne4 Bb4 46. Nc3 f5 47. Ne2 Kf6
48. Rd7 Bc5 49. Nc3 Nf8 50. Rd3 Ke7 51. Nb5 Kf6 52. Nc3 Bb4 53. Ne2 Re8 54. Bc6
Rc8 55. Bg2 Ng6 56. Rd7 a4 57. Nc1 Nf8 58. Rd1 Bc3 59. Ne2 Bb4 60. Nc1 Be7 61.
Nd3 Rc7 62. Nb2 axb3 63. axb3 Nd7 64. Na4 Bb4 65. Bc6 Nc5 66. Nxc5 bxc5 67. Bb5
Ra7 68. Ba4 Ke7 69. Kf2 Bc3 70. Rh1 Bg7 71. Rd1 Bd4+ 72. Kg2 Ra8 73. Rh1 Kf7 74.
Rd1 Rd8 75. Bc6 Kf6 76. Bb5 Rb8 77. Rh1 Kf7 78. Re1 Rb7 79. Rh1 Ra7 80. Ba4 Ra6
81. Re1 Rd6 82. Rd1 Kf6 83. Bb5 e5 84. fxe5+ Kxe5 85. Re1+ Kf6 86. Rh1 Be3 87.
Rh8 Rd2+ 88. Kf1 Rf2+ 89. Ke1 Rf3 90. Bd7 Rxg3 91. Rh5 Bg5 92. Ba4 Rf3 93. Rh8
g3 0-1

[Event "Bundesliga 2022-23"]
[Site "Munich GER"]
[Date "2023.04.02"]
[Round "13.5"]
[Board "3"]
[White "Huschenbeth, Niclas"]
[Black "Buckels, Valentin"]
[Result "1-0"]
[WhiteTitle "GM"]
[BlackTitle "IM"]
[WhiteElo "2593"]
[BlackElo "2456"]
[WhiteTeam "FC Bayern Muenchen"]
[BlackTeam "SV Muelheim Nord"]
[WhiteFideId "24604747"]
[BlackFideId "12942766"]
[EventDate "2022.10.22"]

1. e4 e5 2. Nf3 Nc6 3. Bb5 a6 4. Ba4 Nf6 5. O-O Bc5 6. c3 O-O 7. d4 Ba7 8. Bg5
exd4 9. Re1 d6 10. Bxc6 dxc3 11. Nxc3 bxc6 12. h3 Be6 13. Qd2 Kh8 14. Rad1 Rg8
15. e5 dxe5 16. Qc1 Qf8 17. Nxe5 Qc5 18. Qf4 Nd5 19. Qxf7 Rge8 20. Ne4 Bxf7 21.
Nxf7+ Kg8 22. Nxc5 Bxc5 23. Ne5 Bb4 24. Bd2 Bxd2 25. Rxd2 Re6 26. Nd3 Rxe1+ 27.
Nxe1 Kf8 28. g3 Re8 29. Nf3 Re4 30. Kg2 Ke7 31. Nd4 Kd7 32. h4 g6 33. f4 Kd6 34.
Nf3 c5 35. Ng5 Re7 36. Kf3 Re3+ 37. Kf2 Re7 38. Kf3 Re3+ 39. Kf2 Re7 40. Nf3 Re4
41. b3 a5 42. Ng5 Rd4 43. Rxd4 cxd4 44. Nxh7 Ke7 45. Ng5 Nc3 46. a4 c5 47. Kf3
Kf6 48. g4 Ke7 49. h5 gxh5 50. gxh5 Kf6 51. h6 Kg6 52. h7 Kg7 53. Ne6+ Kxh7 54.
Nxc5 Kg6 55. Ne6 d3 56. Ke3 Nd5+ 57. Kxd3 Kf6 58. Nd4 Nxf4+ 1-0

[Event "Bundesliga 2022-23"]
[Site "Munich GER"]
[Date "2023.04.02"]
[Round "13.5"]
[Board "4"]
[White "Gungl, Theo"]
[Black "Santos Ruiz, Miguel"]
[Result "1/2-1/2"]
[WhiteTitle "IM"]
[BlackTitle "GM"]
[WhiteElo "2352"]
[BlackElo "2580"]
[WhiteTeam "SV Muelheim Nord"]
[BlackTeam "FC Bayern Muenchen"]
[WhiteFideId "24695653"]
[BlackFideId "22291482"]
[EventDate "2022.10.22"]

1. d4 Nf6 2. c4 e6 3. Nc3 Bb4 4. e3 O-O 5. Bd2 b6 6. Nge2 d5 7. cxd5 exd5 8. Ng3
Re8 9. Bd3 Bf8 10. O-O c5 11. Rc1 Bg4 12. Qa4 Bd7 13. Qd1 Nc6 14. Bb1 Be6 15.
dxc5 bxc5 16. Na4 c4 17. Bc3 Bb4 18. Qd2 Qa5 19. Bxb4 Qxb4 20. Qxb4 Nxb4 21.
Rfd1 Rab8 22. Rd2 Nc6 23. Ne2 Rb4 24. Nc5 Rb5 25. Nxe6 fxe6 26. b3 Na5 1/2-1/2

[Event "Bundesliga 2022-23"]
[Site "Munich GER"]
[Date "2023.04.02"]
[Round "13.5"]
[Board "5"]
[White "Dragnev, Valentin"]
[Black "Hausrath, Daniel"]
[Result "1-0"]
[WhiteTitle "GM"]
[BlackTitle "GM"]
[WhiteElo "2544"]
[BlackElo "2465"]
[WhiteTeam "FC Bayern Muenchen"]
[BlackTeam "SV Muelheim Nord"]
[WhiteFideId "1634852"]
[BlackFideId "4617495"]
[EventDate "2022.10.22"]

1. e4 c6 2. d4 d5 3. Nd2 dxe4 4. Nxe4 Nf6 5. Nxf6+ exf6 6. c3 Bd6 7. Bd3 O-O 8.
Qc2 Re8+ 9. Ne2 h5 10. O-O h4 11. h3 Nd7 12. Bd2 Nf8 13. Rae1 Bd7 14. Nf4 Qc7
15. Nh5 Qa5 16. Qd1 Ng6 17. a3 Rxe1 18. Rxe1 Re8 19. Rxe8+ Bxe8 20. Qg4 Qc7 21.
f4 Qe7 22. f5 Bd7 23. Bc4 Kh8 24. Nxf6 Qxf6 25. Qh5+ Kg8 26. fxg6 Be6 27. Bg5 1-0

[Event "Bundesliga 2022-23"]
[Site "Munich GER"]
[Date "2023.04.02"]
[Round "13.5"]
[Board "6"]
[White "Saltaev, Mihail"]
[Black "Bogner, Sebastian"]
[Result "1/2-1/2"]
[WhiteTitle "GM"]
[BlackTitle "GM"]
[WhiteElo "2469"]
[BlackElo "2548"]
[WhiteTeam "SV Muelheim Nord"]
[BlackTeam "FC Bayern Muenchen"]
[WhiteFideId "14200058"]
[BlackFideId "4692055"]
[EventDate "2022.10.22"]

1. e4 c5 2. Nf3 d6 3. d4 cxd4 4. Nxd4 Nf6 5. Nc3 a6 6. a4 e5 7. Nf3 h6 8. Nd2 d5
9. exd5 Nxd5 10. Nxd5 Qxd5 11. Nc4 Qxd1+ 12. Kxd1 Nc6 13. Nb6 Bg4+ 14. f3 Rd8+
15. Bd2 Bf5 16. Nc4 Nd4 17. Rc1 f6 18. Ne3 Bg6 19. Bc4 b5 20. axb5 axb5 21. Ba2
Bc5 22. Re1 Bf7 23. Ra1 O-O 24. Kc1 Rd7 25. b4 Be7 26. Bxf7+ Kxf7 27. Bc3 Nc6
28. Rb1 Rfd8 29. Re2 h5 30. Rd2 Ke6 31. Rxd7 Rxd7 32. Bd2 f5 33. c3 e4 34. fxe4
fxe4 35. Ra1 Rd3 36. Ra6 Kd7 37. Kc2 Bg5 38. Nf1 Bxd2 39. Nxd2 Re3 40. Rb6 Re2
41. Kd1 Rxg2 42. Nxe4 Rxh2 43. Rxb5 h4 44. Rg5 h3 45. Rxg7+ Ke6 46. Ke1 Rc2 47.
Rh7 h2 48. Nf2 Rxc3 49. Rxh2 1/2-1/2

[Event "Bundesliga 2022-23"]
[Site "Munich GER"]
[Date "2023.04.02"]
[Round "13.5"]
[Board "7"]
[White "Kurmann, Oliver"]
[Black "Dinstuhl, Volkmar"]
[Result "1/2-1/2"]
[WhiteTitle "IM"]
[BlackTitle "IM"]
[WhiteElo "2452"]
[BlackElo "2379"]
[WhiteTeam "FC Bayern Muenchen"]
[BlackTeam "SV Muelheim Nord"]
[WhiteFideId "1308173"]
[BlackFideId "4613562"]
[EventDate "2022.10.22"]

1. e4 c6 2. d4 d5 3. e5 Bf5 4. h4 h5 5. Bd3 Bxd3 6. Qxd3 e6 7. Bg5 Be7 8. Nf3
Nh6 9. c4 dxc4 10. Qxc4 Nd7 11. Nc3 Nf5 12. Rd1 Nb6 13. Qb3 Rb8 14. g3 Nd5 15.
O-O Nxc3 16. bxc3 b5 17. Bxe7 Qxe7 18. Ng5 O-O 19. Rd3 g6 20. Ne4 Kg7 21. Qd1
Rbd8 22. Qd2 a5 23. Re1 a4 24. Nf6 Rh8 25. Qg5 Rb8 26. Re4 b4 27. cxb4 1/2-1/2

[Event "Bundesliga 2022-23"]
[Site "Munich GER"]
[Date "2023.04.02"]
[Round "13.5"]
[Board "8"]
[White "Hoenig, Alexander"]
[Black "Lindgren, Philip"]
[Result "1/2-1/2"]
[BlackTitle "IM"]
[WhiteElo "2214"]
[BlackElo "2382"]
[WhiteTeam "SV Muelheim Nord"]
[BlackTeam "FC Bayern Muenchen"]
[WhiteFideId "4617770"]
[BlackFideId "1713230"]
[EventDate "2022.10.22"]

1. d4 Nf6 2. Nf3 d5 3. c3 Bg4 4. Qb3 Qc8 5. Bg5 Nbd7 6. e3 Bxf3 7. gxf3 g6 8.
Bh3 e6 9. Bxf6 Nxf6 10. c4 dxc4 11. Qxc4 Bg7 12. Nc3 O-O 13. Ne4 Nxe4 14. fxe4
Qd8 15. O-O e5 16. Rad1 exd4 17. exd4 c6 18. Bg2 Qh4 19. Qc3 Rad8 20. f4 Rd7 21.
e5 Rfd8 22. Bh3 Rd5 23. Bg2 R5d7 24. Bh3 Rd5 25. Bg2 R5d7 26. Bh3 Re7 27. Qg3
Red7 28. Qc3 Rd5 29. Bg2 1/2-1/2

[Event "Bundesliga 2022-23"]
[Site "Munich GER"]
[Date "2023.04.02"]
[Round "13.6"]
[Board "1"]
[White "Leko, Peter"]
[Black "Van Foreest, Jorden"]
[Result "1/2-1/2"]
[WhiteTitle "GM"]
[BlackTitle "GM"]
[WhiteElo "2663"]
[BlackElo "2694"]
[WhiteTeam "Schachfreunde Deizisau"]
[BlackTeam "SG Solingen"]
[WhiteFideId "703303"]
[BlackFideId "1039784"]
[EventDate "2022.10.22"]

1. e4 e5 2. Nf3 Nc6 3. Bb5 Nf6 4. O-O Nxe4 5. Re1 Nd6 6. Nxe5 Be7 7. Bf1 Nxe5 8.
Rxe5 O-O 9. d4 Bf6 10. Re1 Re8 11. c3 Rxe1 12. Qxe1 Qe7 13. Qe2 Ne8 14. Bf4 Qxe2
15. Bxe2 d5 16. Nd2 c6 17. Re1 g6 18. Nb3 b6 19. Nc1 Ng7 20. Nd3 Ba6 21. Be5
Bxe5 22. Nxe5 Bxe2 23. Rxe2 Rc8 24. f3 1/2-1/2